Computational Fluid Dynamics for the Petrochemical Process Industry (Record no. 8638)

MARC details
000 -LEADER
fixed length control field 01010pam a2200277 a 4500
001 - CONTROL NUMBER
control field 1070586
003 - CONTROL NUMBER IDENTIFIER
control field OSt
005 - DATE AND TIME OF LATEST TRANSACTION
control field 20251008160948.0
008 - FIXED-LENGTH DATA ELEMENTS--GENERAL INFORMATION
fixed length control field 910610s1991 ne a b 100 0 eng
010 ## - LIBRARY OF CONGRESS CONTROL NUMBER
LC control number 91024655
020 ## - INTERNATIONAL STANDARD BOOK NUMBER
International Standard Book Number 0792313607 (alk. paper)
040 ## - CATALOGING SOURCE
Original cataloging agency MUST LIB
Transcribing agency MUST
Modifying agency MUST
050 00 - LIBRARY OF CONGRESS CALL NUMBER
Classification number TP692.3
Item number .C64 1991
082 00 - DEWEY DECIMAL CLASSIFICATION NUMBER
Classification number 531.11 COM 1991
Edition number 20
100 ## - MAIN ENTRY--PERSONAL NAME
Personal name Edited by Oliemans, R. V. A.
9 (RLIN) 19437
245 00 - TITLE STATEMENT
Title Computational Fluid Dynamics for the Petrochemical Process Industry
260 ## - PUBLICATION, DISTRIBUTION, ETC. (IMPRINT)
Place of publication, distribution, etc. Boston :
Name of publisher, distributor, etc. Kluwer Academic Publishers,
Date of publication, distribution, etc. c1991.
300 ## - PHYSICAL DESCRIPTION
Extent vii, 445 p. :
Other physical details ill. ;
Dimensions 24 cm.
500 ## - GENERAL NOTE
General note "Reprinted from Applied scientific research, vol. 48, nos. 3-4 (1991)."
504 ## - BIBLIOGRAPHY, ETC. NOTE
Bibliography, etc Includes bibliographical references.
650 #0 - SUBJECT ADDED ENTRY--TOPICAL TERM
Topical term or geographic name as entry element Fluid dynamics
9 (RLIN) 17491
650 #0 - SUBJECT ADDED ENTRY--TOPICAL TERM
Topical term or geographic name as entry element Petroleum chemicals
906 ## - LOCAL DATA ELEMENT F, LDF (RLIN)
a 7
b cbc
c orignew
d 1
e ocip
f 19
g y-gencatlg
942 ## - ADDED ENTRY ELEMENTS (KOHA)
Source of classification or shelving scheme Dewey Decimal Classification
Koha item type Open Shelf
Holdings
Withdrawn status Lost status Source of classification or shelving scheme Damaged status Not for loan Home library Current library Date acquired Source of acquisition Inventory number Total Checkouts Full call number Barcode Date last seen Koha item type
    Dewey Decimal Classification     Main Kihumuro Campus Main Kihumuro Campus 19/06/2024 Purchase 07/29238   531.11 COM 2024-20873 19/06/2024 Open Shelf